| 000 | 01480nam2a22002531 4500 | ||
|---|---|---|---|
| 001 | v19\rc\1217501 | ||
| 005 | 20250617222330.0 | ||
| 035 | _a(NLR Aleph) 004380200 | ||
| 090 |
_a3615955 _c3615955 |
||
| 100 | _a20060306d1904 |||y0rusy50 ca | ||
| 101 | 0 | _arus | |
| 102 | _aRU | ||
| 105 | _ay z ||||| | ||
| 200 | 0 |
_a... По сведению к 1 сентября 1904 г. _fЛотаревск. рысистый конный завод кн. Л.Д. Вяземского Тамбовск. губ., Усманск. уезда, в имении "Лотарево" |
|
| 210 |
_aСанкт-Петербург _d1904 |
||
| 215 | _a109 с. | ||
| 461 | 0 |
_1001v19\rc\1217496 _12001#$aЗаводские жеребцы$aЗаводские матки...$fЗавод кн. Л.Д. Вяземского Тамбовск. губ., Усманск. уезда в с. Лотареве$v... По сведению к 1 сентября 1904 г.$90 _93615897 _aЛотаревский рысистый конный з-д Вяземского Л. Д. (Тамб. губ.) _c[Москва] _dценз. 1874 _fЗавод кн. Л.Д. Вяземского Тамбовск. губ., Усманск. уезда в с. Лотареве _tЗаводские жеребцы _v... По сведению к 1 сентября 1904 г.$90 |
|
| 801 | 0 |
_aRU _bNLR _gpsbo |
|
| 801 | 1 |
_aRU _bProSoft-M _2rusmarc |
|
| 852 |
_aNLR _j38.9.4.5 |
||
| 852 |
_aNLR _j132/4812 |
||
| 852 |
_aNLR _j18.108.7.94 |
||
| 942 | _cBOOK | ||
| 980 | _aNB | ||